[Event "Mazowiec-chT op 1718"]
[Site "Warsaw"]
[Date "2017.12.03"]
[Round "1.30"]
[White "Taliashvili, Tamari"]
[Black "Kacprzak, Karol"]
[Result "1/2-1/2"]
[WhiteElo "1315"]
[BlackElo "1688"]
[PlyCount "118"]
[EventDate "2017.12.03"]
[EventType "team-swiss"]
[EventRounds "10"]
[EventCountry "POL"]
[SourceTitle "EXT 2020"]
[Source "ChessBase"]
[SourceDate "2019.10.17"]
[SourceVersion "1"]
[SourceVersionDate "2019.10.17"]
[SourceQuality "1"]

1. e4 c6 2. d4 d5 3. e5 Bf5 4. Bd3 Bxd3 5. Qxd3 e6 6. Nf3 Ne7 7. Bg5 Qb6 8. b3 Nd7 9. Nbd2 c5 10. c3 Nc6 11. Be3 cxd4 12. Bxd4 Nxd4 13. cxd4 Be7 14. 0-0 0-0 15. h4 f6 16. exf6 gxf6 17. h5 Bb4 18. h6 Bxd2 19. Nxd2 Qd6 20. f4 Kh8 21. Rae1 Rg8 22. Qe2 Rae8 23. Qh5 Ref8 24. Re3 f5 25. Rh3 Nf6 26. Qe2 Ne4 27. Nxe4 fxe4 28. Qf2 Rg6 29. Rh5 Rf5 30. Qh4 e3 31. Rxf5 exf5 32. Re1 Rxh6 33. Qg5 Qe6 34. Qd8+ Kg7 35. Qc7+ Kg6 36. Qxb7 Qe4 37. Qa6+ Kh5 38. Qe2+ Kh4 39. Qxe3 Qxe3+ 40. Rxe3 Kg4 41. Re5 Kxf4 42. Rxd5 Ra6 43. a4 h5 44. Kh2 Rb6 45. Rd7 a6 46. d5 Rxb3 47. d6 Rb4 48. Rd8 Ke5 49. d7 Ke6 50. Ra8 Kxd7 51. Rxa6 Ke7 52. a5 Ra4 53. Ra7+ Kf6 54. Ra8 Kg5 55. a6 Kh4 56. g3+ Kg4 57. Rg8+ Kf3 58. Rg5 Rxa6 59. Rxf5+ Kg4 1/2-1/2

[Event "Mazowiec-chT 1415"]
[Site "Warsaw"]
[Date "2015.02.08"]
[Round "3.14"]
[White "Taliashvili, Tamari"]
[Black "Pajak, Jakub Lech"]
[Result "0-1"]
[WhiteElo "1311"]
[BlackElo "1774"]
[PlyCount "116"]
[EventDate "2015.01.11"]
[EventType "team-tourn"]
[EventRounds "7"]
[EventCountry "POL"]
[SourceTitle "EXT 2019"]
[Source "ChessBase"]
[SourceDate "2018.10.10"]
[SourceVersion "1"]
[SourceVersionDate "2018.10.10"]
[SourceQuality "1"]

1. e4 c5 2. Nf3 Nc6 3. Nc3 g6 4. Bc4 Bg7 5. d3 d6 6. Be3 a6 7. Qd2 Rb8 8. Rb1 b5 9. Bd5 Bd7 10. a3 h6 11. 0-0 Nf6 12. Bxc6 Bxc6 13. h3 Qc7 14. Ne2 Nd7 15. Ng3 d5 16. exd5 Bxd5 17. Qe2 0-0 18. Rfe1 e5 19. Qd2 Kh7 20. Nh2 Qc6 21. f3 f5 22. Bf2 Rbe8 23. b3 c4 24. dxc4 bxc4 25. bxc4 Bxc4 26. Rbd1 Bb5 27. Ne2 Rc8 28. Rc1 Nb6 29. Bxb6 Qxb6+ 30. Kh1 Rfd8 31. Qb4 Qf2 32. Nc3 Rd2 33. Rg1 Qc5 34. Qxc5 Rxc5 35. Rgd1 Rxd1+ 36. Nxd1 Ba4 37. Ne3 Rc3 38. Nhf1 f4 39. Nd5 Rxc2 40. Rxc2 Bxc2 41. Nd2 Bf8 42. Nc7 Bd3 43. a4 Bb4 44. Ne4 a5 45. Nd5 Bc2 46. Nb6 Kg7 47. Kg1 Bxe4 48. fxe4 Bc5+ 49. Kf1 Bxb6 50. Ke2 g5 51. Kf3 h5 52. g3 Kf6 53. gxf4 gxf4 54. Kg2 Kg5 55. Kf3 Kh4 56. Kg2 Be3 57. Kf3 Kxh3 58. Ke2 Kg2 0-1

[Event "Mazowiec-chT 1314"]
[Site "Poland"]
[Date "2014.03.09"]
[Round "9.10"]
[White "Taliashvili, Tamari"]
[Black "Moscicka, Pola"]
[Result "0-1"]
[WhiteElo "1313"]
[BlackElo "1538"]
[PlyCount "90"]
[EventDate "2014.01.12"]
[EventType "team-tourn"]
[EventRounds "10"]
[EventCountry "POL"]
[SourceTitle "EXT 2019"]
[Source "ChessBase"]
[SourceDate "2018.10.10"]
[SourceVersion "1"]
[SourceVersionDate "2018.10.10"]
[SourceQuality "1"]

1. e4 c5 2. Nf3 d6 3. Nc3 Nf6 4. d4 cxd4 5. Nxd4 a6 6. Bc4 e6 7. Bg5 Be7 8. Bxf6 Bxf6 9. Bb3 b5 10. Qd3 Nd7 11. Qe3 Bb7 12. Rd1 Nc5 13. 0-0 b4 14. Ba4+ Kf8 15. Nc6 Bxc6 16. Bxc6 Rc8 17. Na4 Rxc6 18. Nxc5 Rxc5 19. Qxc5 dxc5 20. Rxd8+ Bxd8 21. Rd1 Ke7 22. Rc1 Bb6 23. Kf1 Rd8 24. Ke2 a5 25. Rb1 Bc7 26. h3 Be5 27. g3 c4 28. f4 Bxb2 29. Rd1 Rxd1 30. Kxd1 Kd6 31. Kd2 f5 32. exf5 exf5 33. Ke3 Kd5 34. g4 g6 35. gxf5 gxf5 36. h4 Bc1+ 37. Kf3 Kd4 38. h5 Kc3 39. Kg3 Kxc2 40. h6 b3 41. axb3 cxb3 42. Kh4 b2 43. Kg5 b1Q 44. Kh4 Bxf4 45. Kh5 Qh1# 0-1

[Event "Mazowiec-chT 1314"]
[Site "Poland"]
[Date "2014.02.09"]
[Round "7.10"]
[White "Pajak, Jakub Lech"]
[Black "Taliashvili, Tamari"]
[Result "1-0"]
[WhiteElo "1718"]
[BlackElo "1313"]
[PlyCount "133"]
[EventDate "2014.01.12"]
[EventType "team-tourn"]
[EventRounds "10"]
[EventCountry "POL"]
[SourceTitle "EXT 2019"]
[Source "ChessBase"]
[SourceDate "2018.10.10"]
[SourceVersion "1"]
[SourceVersionDate "2018.10.10"]
[SourceQuality "1"]

1. e4 e5 2. Nf3 Nc6 3. Bc4 Nf6 4. 0-0 Bc5 5. d3 d6 6. Be3 Bg4 7. c3 Bb6 8. Nbd2 0-0 9. Qc2 Be6 10. Bb3 d5 11. exd5 Nxd5 12. Bxb6 axb6 13. Rfe1 f6 14. d4 Kh8 15. dxe5 fxe5 16. Nxe5 Nxe5 17. Rxe5 Qf6 18. Nf3 c6 19. Rae1 Bf5 20. Qd2 Bg4 21. Bxd5 cxd5 22. Qxd5 Bxf3 23. Qxf3 Qxf3 24. gxf3 Rxa2 25. Rb5 h6 26. Rxb6 Ra7 27. Re7 Rf5 28. h4 Rxf3 29. Rbxb7 Ra1+ 30. Kg2 Rf4 31. Rxg7 Rxh4 32. Rgc7 Ra8 33. Rh7+ Kg8 34. Rbg7+ Kf8 35. Rg6 Ra5 36. Rhxh6 Rf4 37. Rf6+ Rxf6 38. Rxf6+ Ke7 39. Rb6 Ra2 40. c4 Ra5 41. b4 Ra4 42. c5 Kd7 43. Kg3 Ra3+ 44. Kg4 Ra8 45. f4 Rg8+ 46. Kf5 Kc7 47. b5 Rf8+ 48. Rf6 Rd8 49. Rf7+ Kc8 50. Ke6 Rd4 51. b6 Rc4 52. Kd5 Rb4 53. Kc6 Kd8 54. b7 Ke8 55. Rh7 Kd8 56. b8Q+ Rxb8 57. Rh8+ Ke7 58. Rxb8 Kf6 59. Kd6 Kf5 60. c6 Kxf4 61. c7 Ke4 62. c8Q Kd4 63. Qc5+ Ke4 64. Rb4+ Kd3 65. Qd4+ Ke2 66. Rb2+ Ke1 67. Qg1# 1-0

[Event "Mazowiec-chT 1314"]
[Site "Poland"]
[Date "2014.01.19"]
[Round "3.5"]
[White "Taliashvili, Tamari"]
[Black "Stezycka, Paulina"]
[Result "0-1"]
[WhiteElo "1313"]
[BlackElo "1514"]
[PlyCount "64"]
[EventDate "2014.01.12"]
[EventType "team-tourn"]
[EventRounds "10"]
[EventCountry "POL"]
[SourceTitle "EXT 2019"]
[Source "ChessBase"]
[SourceDate "2018.10.10"]
[SourceVersion "1"]
[SourceVersionDate "2018.10.10"]
[SourceQuality "1"]

1. e4 e5 2. Nf3 Nc6 3. Bc4 Nf6 4. Nc3 Bc5 5. d3 h6 6. Nd5 d6 7. h3 Na5 8. Nxf6+ Qxf6 9. Bb5+ Nc6 10. Bxc6+ bxc6 11. Qe2 0-0 12. 0-0 Ba6 13. Be3 Bb6 14. Rad1 Rfe8 15. Nh2 d5 16. f3 d4 17. Bd2 c5 18. f4 exf4 19. Rxf4 Qe6 20. b3 c4 21. Kh1 cxd3 22. cxd3 c5 23. Rdf1 Bc7 24. Rg4 f5 25. Rh4 fxe4 26. Qh5 e3 27. Ng4 Rf8 28. Nxh6+ gxh6 29. Rg4+ Kh7 30. Bxe3 Rxf1+ 31. Bg1 Rxg1+ 32. Kxg1 Qe1# 0-1